| 000 | 00795nam a22002297a 4500 | ||
|---|---|---|---|
| 003 | OSt | ||
| 005 | 20230726103114.0 | ||
| 008 | 221006b |||||||| |||| 00| 0 eng d | ||
| 040 | _cBiblioteca Lado V | ||
| 082 |
_a708 _bU58l |
||
| 110 |
_9916 _aUniversity Art Gallery Staller Center for the Arts _eautor |
||
| 245 |
_aLiliana Porter/ _bArte Poética/ |
||
| 260 |
_bTam Communications _c1998 _aNew York |
||
| 300 |
_c22x28cm _a6p. |
||
| 366 | _espa | ||
| 650 |
_2Tesauro de Arte & Arquitectura _aARTE _9703 |
||
| 650 |
_2Tesauro de Arte & Arquitectura _aEXPOSICION _9702 |
||
| 650 |
_2Tesauro de Arte & Arquitectura _aCATALOGO |
||
| 651 |
_2Tesauro de Arte & Arquitectura _aARGENTINA |
||
| 651 |
_2Tesauro de Arte & Arquitectura _aNEW YORK |
||
| 942 |
_2ddc _c1 _h708 _iU58r _n0 |
||
| 999 |
_c4093 _d4093 |
||